{"text_format":"3","workbook":"xlsx","n_sheets":1,"sheets":["t41"],"read":"whole","date_system":"1900"}

{"sheet":"t41","index":0,"n_rows":162,"n_cols":7,"rows_kept":162,"merged":[[0,0,0,6],[30,0,30,5],[46,0,46,5],[135,0,135,5]]}
["TABELA 41.1 - Estatísticas Agrícolas, Município de Areias, Estado de São Paulo, 2007/08."]
["ITEM","UNIDADE","N.DE UPAs","MÍNIMO","MÉDIO","MÁXIMO","TOTAL"]
["Distância à sede do município","km",189,0.5,{"v":18.57,"d":"18.6"},{"v":80,"d":"80.0"},"-"]
["Área total","hectare",189,{"v":3,"d":"3.0"},{"v":169.81,"d":"169.8"},{"v":1936,"d":"1,936.0"},{"v":32094.8,"d":"32,094.8"}]
["Área com cultura perene","hectare",63,0.1,{"v":0.45,"d":"0.5"},2.6,28.5]
["Área com cultura temporária","hectare",98,0.3,{"v":2.84,"d":"2.8"},{"v":21,"d":"21.0"},278.2]
["Área com pastagem","hectare",183,{"v":1,"d":"1.0"},{"v":116.61,"d":"116.6"},{"v":1468.5,"d":"1,468.5"},{"v":21339.9,"d":"21,339.9"}]
["Área com reflorestamento","hectare",50,0.1,{"v":53.71,"d":"53.7"},{"v":410,"d":"410.0"},{"v":2685.5,"d":"2,685.5"}]
["Área com vegetação natural","hectare",155,0.3,{"v":49.47,"d":"49.5"},{"v":1500,"d":"1,500.0"},{"v":7668.4,"d":"7,668.4"}]
["Área com vegetação de brejo e várzea","hectare",10,{"v":1,"d":"1.0"},3.2,{"v":12,"d":"12.0"},{"v":32,"d":"32.0"}]
["Área em descanso","hectare",1,{"v":10,"d":"10.0"},{"v":10,"d":"10.0"},{"v":10,"d":"10.0"},{"v":10,"d":"10.0"}]
["Área complementar","hectare",43,0.1,{"v":1.22,"d":"1.2"},{"v":6,"d":"6.0"},52.3]
["Área das UPAs com (0, 1] ha","hectare","-","-","-","-","-"]
["Área das UPAs com (1, 2] ha","hectare","-","-","-","-","-"]
["Área das UPAs com (2, 5] ha","hectare",5,{"v":3,"d":"3.0"},{"v":4.16,"d":"4.2"},{"v":5,"d":"5.0"},20.8]
["Área das UPAs com (5, 10] ha","hectare",7,{"v":6,"d":"6.0"},{"v":7.77,"d":"7.8"},{"v":10,"d":"10.0"},54.4]
["Área das UPAs com (10, 20] ha","hectare",28,{"v":12,"d":"12.0"},{"v":16.82,"d":"16.8"},{"v":20,"d":"20.0"},470.9]
["Área das UPAs com (20, 50] ha","hectare",45,21.3,{"v":35.44,"d":"35.4"},{"v":50,"d":"50.0"},{"v":1594.7,"d":"1,594.7"}]
["Área das UPAs com (50, 100] ha","hectare",32,{"v":53,"d":"53.0"},{"v":73.12,"d":"73.1"},{"v":100,"d":"100.0"},{"v":2339.7,"d":"2,339.7"}]
["Área das UPAs com (100, 200] ha","hectare",36,101.6,{"v":153.03,"d":"153.0"},{"v":200,"d":"200.0"},{"v":5508.9,"d":"5,508.9"}]
["Área das UPAs com (200, 500] ha","hectare",24,215.4,312.5,476.2,{"v":7500,"d":"7,500.0"}]
["Área das UPAs com (500, 1.000] ha","hectare",4,510.6,{"v":538,"d":"538.0"},{"v":580,"d":"580.0"},{"v":2152,"d":"2,152.0"}]
["Área das UPAs com (1.000, 2.000] ha","hectare",8,{"v":1091.4,"d":"1,091.4"},{"v":1556.68,"d":"1,556.7"},{"v":1936,"d":"1,936.0"},{"v":12453.4,"d":"12,453.4"}]
["Área das UPAs com (2.000, 5.000] ha","hectare","-","-","-","-","-"]
["Área das UPAs com (5.000, 10.000] ha","hectare","-","-","-","-","-"]
["Área das UPAs acima de 10.000 ha","hectare","-","-","-","-","-"]
["Familiares do proprietário que trabalham na UPA","unidade",108,{"v":1,"d":"1.0"},{"v":1.45,"d":"1.5"},{"v":5,"d":"5.0"},{"v":157,"d":"157.0"}]
["Trabalhadores permanentes","unidade",92,{"v":1,"d":"1.0"},{"v":3.01,"d":"3.0"},{"v":50,"d":"50.0"},{"v":277,"d":"277.0"}]
["Fonte: Secretaria de Agricultura e Abastecimento, CDRS/IEA, Projeto LUPA."]
[]
["TABELA 41.2 - Explorações Animais, Município de Areias, Estado de São Paulo, 2007/08."]
["ITEM","UNIDADE","N.DE UPAs","MÍNIMO","MÉDIO","MÁXIMO","TOTAL"]
["Asininos E Muares","cabeças",54,{"v":1,"d":"1.0"},{"v":2.57,"d":"2.6"},{"v":41,"d":"41.0"},{"v":139,"d":"139.0"}]
["Avicultura de Corte","cabeças/ano",53,{"v":1,"d":"1.0"},{"v":37.51,"d":"37.5"},{"v":220,"d":"220.0"},{"v":1988,"d":"1,988.0"}]
["Avicultura Ornamental/Decorativa/Exótica","cabeças",6,{"v":6,"d":"6.0"},{"v":13.83,"d":"13.8"},{"v":26,"d":"26.0"},{"v":83,"d":"83.0"}]
["Avicultura para Ovos","cabeças",18,{"v":4,"d":"4.0"},{"v":49.39,"d":"49.4"},{"v":120,"d":"120.0"},{"v":889,"d":"889.0"}]
["Bovinocultura de Corte","cabeças",55,{"v":1,"d":"1.0"},{"v":132.24,"d":"132.2"},{"v":1632,"d":"1,632.0"},{"v":7273,"d":"7,273.0"}]
["Bovinocultura Leiteira","cabeças",45,{"v":3,"d":"3.0"},{"v":60.69,"d":"60.7"},{"v":350,"d":"350.0"},{"v":2731,"d":"2,731.0"}]
["Bovinocultura Mista","cabeças",79,{"v":5,"d":"5.0"},{"v":47.23,"d":"47.2"},{"v":180,"d":"180.0"},{"v":3731,"d":"3,731.0"}]
["Caprinocultura","cabeças",4,{"v":1,"d":"1.0"},{"v":38.25,"d":"38.3"},{"v":78,"d":"78.0"},{"v":153,"d":"153.0"}]
["Equinocultura","cabeças",129,{"v":1,"d":"1.0"},{"v":5.48,"d":"5.5"},{"v":58,"d":"58.0"},{"v":707,"d":"707.0"}]
["Ovinocultura","cabeças",7,{"v":4,"d":"4.0"},{"v":94,"d":"94.0"},{"v":400,"d":"400.0"},{"v":658,"d":"658.0"}]
["Ranicultura","girinos/ano",1,{"v":20,"d":"20.0"},{"v":20,"d":"20.0"},{"v":20,"d":"20.0"},{"v":20,"d":"20.0"}]
["Suinocultura","cabeças",47,{"v":2,"d":"2.0"},{"v":7.94,"d":"7.9"},{"v":45,"d":"45.0"},{"v":373,"d":"373.0"}]
["Fonte: Secretaria de Agricultura e Abastecimento, CDRS/IEA, Projeto LUPA."]
[]
["TABELA 41.3 -  Máquinas, Implementos e Benfeitorias, Município de Areias, Estado de São Paulo, 2007/08."]
["ITEM","UNIDADE","N.DE UPAs","MÍNIMO","MÉDIO","MÁXIMO","TOTAL"]
["Arado Comum (Bacia, Aiveca)","Unidade",19,{"v":1,"d":"1.0"},{"v":1.42,"d":"1.4"},{"v":3,"d":"3.0"},{"v":27,"d":"27.0"}]
["Arado Subsolador","Unidade",2,{"v":1,"d":"1.0"},{"v":1,"d":"1.0"},{"v":1,"d":"1.0"},{"v":2,"d":"2.0"}]
["Carregadeira de Cana","Unidade",4,{"v":1,"d":"1.0"},{"v":2.25,"d":"2.3"},{"v":4,"d":"4.0"},{"v":9,"d":"9.0"}]
["Computador","Unidade",5,{"v":1,"d":"1.0"},1.6,{"v":4,"d":"4.0"},{"v":8,"d":"8.0"}]
["Conj.Irrigação Convencional","Unidade",1,{"v":1,"d":"1.0"},{"v":1,"d":"1.0"},{"v":1,"d":"1.0"},{"v":1,"d":"1.0"}]
["Desintegrador, Picador, Triturador","Unidade",98,{"v":1,"d":"1.0"},{"v":1.29,"d":"1.3"},{"v":3,"d":"3.0"},{"v":126,"d":"126.0"}]
["Distribuidor de Calcário","Unidade",3,{"v":1,"d":"1.0"},{"v":1,"d":"1.0"},{"v":1,"d":"1.0"},{"v":3,"d":"3.0"}]
["Ensiladeira","Unidade",10,{"v":1,"d":"1.0"},1.1,{"v":2,"d":"2.0"},{"v":11,"d":"11.0"}]
["Grade Aradora (Tipo Romi)","Unidade",4,{"v":1,"d":"1.0"},{"v":1.25,"d":"1.3"},{"v":2,"d":"2.0"},{"v":5,"d":"5.0"}]
["Grade Niveladora","Unidade",11,{"v":1,"d":"1.0"},{"v":1.09,"d":"1.1"},{"v":2,"d":"2.0"},{"v":12,"d":"12.0"}]
["Implementos para Tração Animal","Unidade",38,{"v":1,"d":"1.0"},{"v":1.29,"d":"1.3"},{"v":3,"d":"3.0"},{"v":49,"d":"49.0"}]
["Microtrator","Unidade",3,{"v":1,"d":"1.0"},{"v":1,"d":"1.0"},{"v":1,"d":"1.0"},{"v":3,"d":"3.0"}]
["Misturador de Ração","Unidade",2,{"v":1,"d":"1.0"},{"v":1,"d":"1.0"},{"v":1,"d":"1.0"},{"v":2,"d":"2.0"}]
["Ordenhadeira Mecânica","Unidade",8,{"v":1,"d":"1.0"},{"v":1,"d":"1.0"},{"v":1,"d":"1.0"},{"v":8,"d":"8.0"}]
["Pulverizador Tratorizado","Unidade",2,{"v":1,"d":"1.0"},{"v":1,"d":"1.0"},{"v":1,"d":"1.0"},{"v":2,"d":"2.0"}]
["Resfriador de Leite, Tanque Expansão","Unidade",18,{"v":1,"d":"1.0"},{"v":1.11,"d":"1.1"},{"v":2,"d":"2.0"},{"v":20,"d":"20.0"}]
["Semeadeira/Adubadeira para Plantio Convencional","Unidade",4,{"v":1,"d":"1.0"},{"v":1,"d":"1.0"},{"v":1,"d":"1.0"},{"v":4,"d":"4.0"}]
["Trator de Esteiras","Unidade",1,{"v":1,"d":"1.0"},{"v":1,"d":"1.0"},{"v":1,"d":"1.0"},{"v":1,"d":"1.0"}]
["Trator de Pneus","Unidade",27,{"v":1,"d":"1.0"},{"v":1.52,"d":"1.5"},{"v":6,"d":"6.0"},{"v":41,"d":"41.0"}]
["Açude/Represa","Unidade",38,{"v":1,"d":"1.0"},{"v":2.16,"d":"2.2"},{"v":9,"d":"9.0"},{"v":82,"d":"82.0"}]
["Adega Cantina","Unidade",2,{"v":1,"d":"1.0"},{"v":1,"d":"1.0"},{"v":1,"d":"1.0"},{"v":2,"d":"2.0"}]
["Alambique","Unidade",2,{"v":1,"d":"1.0"},{"v":1,"d":"1.0"},{"v":1,"d":"1.0"},{"v":2,"d":"2.0"}]
["Almoxarifado/Oficina","Unidade",13,{"v":1,"d":"1.0"},{"v":1,"d":"1.0"},{"v":1,"d":"1.0"},{"v":13,"d":"13.0"}]
["Armazém para Grãos Ensacados","Sacas",1,{"v":100,"d":"100.0"},{"v":100,"d":"100.0"},{"v":100,"d":"100.0"},{"v":100,"d":"100.0"}]
["Balança para Bovinos","Unidade",10,{"v":1,"d":"1.0"},1.1,{"v":2,"d":"2.0"},{"v":11,"d":"11.0"}]
["Barracão para Granja/Avicultura","Unidade",1,{"v":1,"d":"1.0"},{"v":1,"d":"1.0"},{"v":1,"d":"1.0"},{"v":1,"d":"1.0"}]
["Barracão/Galpão/Garagem","Unidade",50,{"v":1,"d":"1.0"},{"v":1.26,"d":"1.3"},{"v":3,"d":"3.0"},{"v":63,"d":"63.0"}]
["Casa de Moradia Habitada","Unidade",137,{"v":1,"d":"1.0"},{"v":1.96,"d":"2.0"},{"v":10,"d":"10.0"},{"v":268,"d":"268.0"}]
["Casa de Moradia Total","Unidade",164,{"v":1,"d":"1.0"},{"v":2.68,"d":"2.7"},{"v":18,"d":"18.0"},{"v":439,"d":"439.0"}]
["Curral/Mangueira","Unidade",155,{"v":1,"d":"1.0"},1.1,{"v":3,"d":"3.0"},{"v":171,"d":"171.0"}]
["Depósito/Tulha","Unidade",1,{"v":1,"d":"1.0"},{"v":1,"d":"1.0"},{"v":1,"d":"1.0"},{"v":1,"d":"1.0"}]
["Estábulo","Unidade",36,{"v":1,"d":"1.0"},{"v":1.19,"d":"1.2"},{"v":4,"d":"4.0"},{"v":43,"d":"43.0"}]
["Instalações para Equinos","Unidade",1,{"v":3,"d":"3.0"},{"v":3,"d":"3.0"},{"v":3,"d":"3.0"},{"v":3,"d":"3.0"}]
["Pocilga","Unidade",25,{"v":1,"d":"1.0"},{"v":1.96,"d":"2.0"},{"v":8,"d":"8.0"},{"v":49,"d":"49.0"}]
["Poço Semi-Artesiano","Unidade",1,{"v":1,"d":"1.0"},{"v":1,"d":"1.0"},{"v":1,"d":"1.0"},{"v":1,"d":"1.0"}]
["Silo para Silagem","t",14,{"v":8,"d":"8.0"},{"v":223.43,"d":"223.4"},{"v":900,"d":"900.0"},{"v":3128,"d":"3,128.0"}]
["Fonte: Secretaria de Agricultura e Abastecimento, CDRS/IEA, Projeto LUPA."]
[]
["TABELA 41.4 - Outras Estatísticas Agrícolas, Município de Areias, Estado de São Paulo, 2007/08."]
["ITEM","Número de UPAs",null,"Percentual"]
["Faz Parte de Associação de Produtores",6,null,{"v":3.174603174603175,"d":"3.2"}]
["Faz Parte de Cooperativa de Produtores",17,null,{"v":8.994708994708994,"d":"9.0"}]
["Faz Parte do Sindicato de Produtores",104,null,{"v":55.026455026455025,"d":"55.0"}]
["Não utiliza assistência técnica ",140,null,{"v":74.07407407407408,"d":"74.1"}]
["Utiliza somente assistência técnica governamental ",30,null,{"v":15.873015873015873,"d":"15.9"}]
["Utiliza somente assistência técnica privada ",17,null,{"v":8.994708994708995,"d":"9.0"}]
["Utiliza assistência técnica tanto governamental quanto privada",2,null,{"v":1.0582010582010584,"d":"1.1"}]
["Utiliza Crédito Rural",1,null,{"v":0.5291005291005292,"d":"0.5"}]
["Utiliza Seguro Rural","-",null,"-"]
["Utiliza Escrituração Agrícola",4,null,{"v":2.1164021164021167,"d":"2.1"}]
["Acessa Internet p/ Fins na Agropecuária",3,null,{"v":1.5873015873015874,"d":"1.6"}]
["Utiliza Computador nas Atividades Agropecuárias",5,null,{"v":2.6455026455026456,"d":"2.6"}]
["Utiliza Energia Elétrica Para Uso na Atividade Agrícola",143,null,{"v":75.66137566137566,"d":"75.7"}]
["Realiza Análise de Solo, quando necessário",22,null,{"v":11.64021164021164,"d":"11.6"}]
["Utiliza Práticas de Conservação de Solo, quando necessário",11,null,{"v":5.82010582010582,"d":"5.8"}]
["Faz Adubação Mineral, quando necessário",65,null,{"v":34.39153439153439,"d":"34.4"}]
["Faz Adubação Orgânica, quando necessário",91,null,{"v":48.148148148148145,"d":"48.1"}]
["Faz Adubação Verde, quando necessário",2,null,{"v":1.0582010582010584,"d":"1.1"}]
["Utiliza Manejo Integrado de Pragas (MIP)","-",null,"-"]
["Utiliza Hidroponia","-",null,"-"]
["Utiliza Plasticultura","-",null,"-"]
["Utiliza Mudas Fiscalizadas",18,null,{"v":9.523809523809524,"d":"9.5"}]
["Utiliza Semente Melhorada",56,null,{"v":29.62962962962963,"d":"29.6"}]
["Faz Confinamento de Bovinos",2,null,{"v":1.0582010582010584,"d":"1.1"}]
["Utiliza Pastejo Intensivo",19,null,{"v":10.052910052910052,"d":"10.1"}]
["Faz Inseminação Artificial",8,null,{"v":4.2328042328042335,"d":"4.2"}]
["Faz Mineralização do Rebanho",111,null,{"v":58.73015873015873,"d":"58.7"}]
["Faz Vermifugação do Rebanho",155,null,{"v":82.01058201058201,"d":"82.0"}]
["Possui Parceiros /Arrendatários na Exploração Animal",36,null,{"v":19.047619047619047,"d":"19.0"}]
["Esporte e lazer",1,null,{"v":0.5291005291005292,"d":"0.5"}]
["Extração mineral","-",null,"-"]
["Hotel Fazenda, Pousada ou SPA",3,null,{"v":1.5873015873015874,"d":"1.6"}]
["Pesque-pague","-",null,"-"]
["Restaurante ou Lanchonete","-",null,"-"]
["Transformação artesanal",4,null,{"v":2.1164021164021167,"d":"2.1"}]
["Turismo rural ou ecoturismo","-",null,"-"]
["Outras atividades econômicas rurais","-",null,"-"]
["Agroindústria","-",null,"-"]
["Proprietário sem instrução ou com instrução incompleta",13,null,{"v":6.878306878306878,"d":"6.9"}]
["Proprietário com antigo primário completo",66,null,{"v":34.92063492063492,"d":"34.9"}]
["Proprietário com 1° grau (ou antigo ginasial) completo",21,null,{"v":11.111111111111112,"d":"11.1"}]
["Proprietário com 2° grau (ou antigo colegial) completo",28,null,{"v":14.814814814814815,"d":"14.8"}]
["Proprietário com curso superior completo ",60,null,{"v":31.746031746031747,"d":"31.7"}]
["Pessoa Jurídica",1,null,{"v":0.5291005291005292,"d":"0.5"}]
["Proprietário residente na própria UPA ",59,null,{"v":31.21693121693122,"d":"31.2"}]
["Fonte: Secretaria de Agricultura e Abastecimento, CDRS/IEA, Projeto LUPA."]
[]
["TABELA 41.5 - Área Cultivada, Município de Areias, Estado de São Paulo, 2007/08."]
["CULTURA","N.DE UPAs","MÍNIMO","MÉDIO","MÁXIMO","TOTAL"]
["Outras gramineas para pastagem",121,{"v":1,"d":"1.0"},{"v":85.17,"d":"85.2"},{"v":1467.5,"d":"1,467.5"},{"v":10305.6,"d":"10,305.6"}]
["Braquiaria",140,{"v":1,"d":"1.0"},{"v":71.72,"d":"71.7"},{"v":1000,"d":"1,000.0"},{"v":10040.1,"d":"10,040.1"}]
["Eucalipto",33,0.1,{"v":80.05,"d":"80.1"},{"v":410,"d":"410.0"},{"v":2641.5,"d":"2,641.5"}]
["Capim-gordura",28,{"v":4,"d":"4.0"},{"v":25.07,"d":"25.1"},{"v":200,"d":"200.0"},{"v":702,"d":"702.0"}]
["Capim-napier (ou capim-elefante)",91,0.3,{"v":2.05,"d":"2.1"},{"v":10,"d":"10.0"},186.7]
["Milho",55,0.3,{"v":2.58,"d":"2.6"},{"v":40,"d":"40.0"},141.7]
["Cana-de-acucar",67,0.3,{"v":1.86,"d":"1.9"},{"v":15,"d":"15.0"},124.5]
["Sorgo-forrageiro",4,0.5,{"v":23.88,"d":"23.9"},{"v":80,"d":"80.0"},95.5]
["Pinus",15,0.1,{"v":2.33,"d":"2.3"},{"v":20,"d":"20.0"},{"v":35,"d":"35.0"}]
["Feijao",29,0.1,{"v":0.91,"d":"0.9"},2.5,26.5]
["Milho-silagem",2,{"v":6,"d":"6.0"},{"v":8,"d":"8.0"},{"v":10,"d":"10.0"},{"v":16,"d":"16.0"}]
["Pomar domestico",50,0.1,{"v":0.27,"d":"0.3"},1.5,13.7]
["Araucaria (ou pinheiro-do-parana)",7,0.5,{"v":1.29,"d":"1.3"},{"v":2,"d":"2.0"},{"v":9,"d":"9.0"}]
["Banana",15,0.1,{"v":0.51,"d":"0.5"},1.5,7.6]
["Gramas",1,{"v":5,"d":"5.0"},{"v":5,"d":"5.0"},{"v":5,"d":"5.0"},{"v":5,"d":"5.0"}]
["Coloniao",1,{"v":5,"d":"5.0"},{"v":5,"d":"5.0"},{"v":5,"d":"5.0"},{"v":5,"d":"5.0"}]
["Jabuticaba",2,1.5,{"v":1.75,"d":"1.8"},{"v":2,"d":"2.0"},3.5]
["Mandioca",3,0.5,{"v":0.83,"d":"0.8"},{"v":1,"d":"1.0"},2.5]
["Aveia",1,{"v":2,"d":"2.0"},{"v":2,"d":"2.0"},{"v":2,"d":"2.0"},{"v":2,"d":"2.0"}]
["Abobora (ou jerimum)",1,{"v":2,"d":"2.0"},{"v":2,"d":"2.0"},{"v":2,"d":"2.0"},{"v":2,"d":"2.0"}]
["Pera",2,0.5,{"v":0.75,"d":"0.8"},{"v":1,"d":"1.0"},1.5]
["Limao",1,{"v":1,"d":"1.0"},{"v":1,"d":"1.0"},{"v":1,"d":"1.0"},{"v":1,"d":"1.0"}]
["Pessego",2,0.3,{"v":0.35,"d":"0.4"},0.4,0.7]
["Lichia",1,0.5,0.5,0.5,0.5]
["Fonte: Secretaria de Agricultura e Abastecimento, CDRS/IEA, Projeto LUPA."]